<?xml version="1.0" encoding="UTF-8"?>
<marc:record xmlns:marc="http://www.loc.gov/MARC21/slim">
   <marc:leader>00000nam a2200000 a 4500</marc:leader>
   <marc:datafield ind1=" " ind2=" " tag="653">
      <marc:subfield code="a">Dreißigjähriger Krieg</marc:subfield>
   </marc:datafield>
   <marc:datafield ind1="0" ind2="0" tag="245">
      <marc:subfield code="a">Der dreißigjährige Krieg</marc:subfield>
   </marc:datafield>
   <marc:datafield ind1="0" ind2="0" tag="245">
      <marc:subfield code="b">GEO Epoche DVD</marc:subfield>
   </marc:datafield>
   <marc:datafield ind1=" " ind2="1" tag="264">
      <marc:subfield code="b">ZDF</marc:subfield>
      <marc:subfield code="c">2003</marc:subfield>
   </marc:datafield>
   <marc:datafield ind1="1" ind2=" " tag="520">
      <marc:subfield code="a">1. Mythos Wallenstein: Für seinen Auftraggeber, den katholischen Kaiser, erringt Wallenstein Sieg um Sieg. Doch was treibt den Feldherrn: Ehrgeiz oder Sternenglaube?#2. Kampf der Giganten: 1630 landet Schwedens König Gustav II. Adolf in Pommern. Nur einer kann die Truppen des mächtigen Protestanten stoppen: Wallenstein.#3. Ende eines Rebellen: Der Sieg über Gustav Adolf ist Wallensteins größter Triumph. Dann aber macht er sich durch Kontakte zu Feinden der Habsburger verdächtig.</marc:subfield>
   </marc:datafield>
   <marc:datafield ind1=" " ind2=" " tag="041">
      <marc:subfield code="a">ger</marc:subfield>
   </marc:datafield>
</marc:record>
